|
|
|
|
| LEADER |
01449nam a2200397Ia 4500 |
| 001 |
EBC992497 |
| 003 |
MiAaPQ |
| 005 |
20200520144314.0 |
| 006 |
m o d | |
| 007 |
cr cn||||||||| |
| 008 |
120228s2012 enkab sb 101 0 eng d |
| 020 |
|
|
|z 1780524404 (hbk.) :
|
| 020 |
|
|
|z 9781780524405 (hbk.) :
|
| 020 |
|
|
|a 1780524412 (electronic bk.)
|
| 020 |
|
|
|a 9781780524412 (electronic bk.)
|
| 035 |
|
|
|a (MiAaPQ)EBC992497
|
| 035 |
|
|
|a (Au-PeEL)EBL992497
|
| 035 |
|
|
|a (CaPaEBR)ebr10589749
|
| 035 |
|
|
|a (CaONFJC)MIL386119
|
| 035 |
|
|
|a (OCoLC)809536886
|
| 040 |
|
|
|a MiAaPQ
|c MiAaPQ
|d MiAaPQ
|
| 050 |
|
4 |
|a HE305
|b .T727 2012
|
| 245 |
0 |
0 |
|a Transport and climate change
|h [electronic resource] /
|c edited by Tim Ryley, Lee Chapman.
|
| 260 |
|
|
|a Bingley :
|b Emerald,
|c 2012.
|
| 300 |
|
|
|a ix, 396 p. :
|b ill., maps.
|
| 440 |
|
0 |
|a Transport and sustainability ;
|v v. 2
|
| 500 |
|
|
|a Selected conference papers.
|
| 504 |
|
|
|a Includes bibliographical references and index.
|
| 533 |
|
|
|a Electronic reproduction. Ann Arbor, MI : ProQuest, 2015. Available via World Wide Web. Access may be limited to ProQuest affiliated libraries.
|
| 650 |
|
0 |
|a Transportation
|v Congresses.
|
| 650 |
|
0 |
|a Climatic changes
|v Congresses.
|
| 655 |
|
4 |
|a Electronic books.
|
| 700 |
1 |
|
|a Ryley, Tim.
|
| 700 |
1 |
|
|a Chapman, Lee.
|
| 710 |
2 |
|
|a ProQuest (Firm)
|
| 856 |
4 |
0 |
|u https://ebookcentral.proquest.com/lib/matrademy/detail.action?docID=992497
|z Click to View
|